000 00890nmc a2200301 a 4500
003 AR-BaBNM
005 20251128204223.0
008 027019s1992 ||||||||||||||000 | spa||
020 _a9978-80-187-1
040 _cAR-BaBNM
100 1 _aColl, César
245 1 0 _aLa reforma del sistema educativo español
_bla calidad de la enseñanza como objetivo
260 _aQuito
_bInstituto Fronesis
_bLibresa
_c1992
300 0 _a59 p.
_bdiagr.
490 0 _aEducación
_vv. 4
504 _aBibliografía: p. 59
650 4 _aORGANIZACION DE LA EDUCACION
650 4 _aCALIDAD DE LA EDUCACION
650 4 _aOBJETIVOS EDUCACIONALES
650 4 _aMEJORA DE LA EDUCACION
650 4 _aRENDIMIENTO DE LA EDUCACION
651 4 _aEspaña
653 _aESTRATEGIAS EDUCATIVAS
653 _aREFORMA EDUCATIVA
800 1 _aTorres, Rosa María
_edirector
942 _cBK
998 _csilvi
999 _c6621
_d6621